Valorant agents by picture (2026) - Statistics

General Stats
  • This quiz has been taken 451 times
  • The average score is 28 of 29
Answer Stats
Picture Answer % Correct
Chamber
99%
Gekko
99%
Jett
99%
Neon
99%
Omen
99%
Phoenix
99%
Raze
99%
Viper
99%
Astra
98%
Brimstone
98%
Clove
98%
Reyna
98%
Sage
98%
Cypher
97%
Fade
97%
Iso
97%
Kayo
97%
Killjoy
97%
Sova
97%
Breach
96%
Deadlock
96%
Yoru
96%
Skye
95%
Waylay
91%
Harbor
90%
Tejo
90%
Vyse
89%
Miks
87%
Veto
81%
No matching quizzes found
Score Distribution
Percent of People with Each Score
Percentile by Number Answered
Your Score History
You have not taken this quiz